000 00486nam a2200193Ia 4500
005 20240823021411.0
008 240823s9999||||xx |||||||||||||| ||und||
020 _a81-252-0006-1
041 _aENGLISH
082 _A623.8245 N5
100 _a"Driver,Dara E"
245 0 _aVoyage Estimates of Bulk Carriers and Tankers
250 _a1st
260 _c1995
_b"Navaneet Prakashan Ltd,B"
_aBombay
500 _aTRANSFERED
650 _aTank
_bMarine
942 _cBK
999 _c176950
_d176950